[Event "ch-AUT"]
[Site "Tweng AUT"]
[Date "2007.08.04"]
[Round "1"]
[White "Diermair,A"]
[Black "Ragger,M"]
[Result "0-1"]
[WhiteElo "2373"]
[BlackElo "2529"]

1.e4 c5 2.Nf3 d6 3.d4 cxd4 4.Nxd4 Nf6 5.Nc3 a6 6.Be3 e5 7.Nb3 Be6 8.f3 Be7
9.Qd2 O-O 10.O-O-O a5 11.Qe1 Qc8 12.a4 Na6 13.Kb1 Nb4 14.Qf2 d5 15.exd5 Nfxd5
16.Nxd5 Bxd5 17.Bd3 Qc6 18.Bb5 Qg6 19.Bd3 f5 20.Qe2 Rfc8 21.Rd2 Nxd3 22.Qxd3 Bc4
23.Qc3 Qe6 24.f4 exf4 25.Bxf4 Bb4 26.Qg3 Bxb3 27.cxb3 Bxd2 28.Bxd2 Qe4+ 29.Ka1 Ra6
30.Re1 Rg6 31.Qh3 Qd5  0-1

[Event "Open"]
[Site "Kavala GRE"]
[Date "2007.08.05"]
[Round "1"]
[White "Tzintzios,G"]
[Black "Parligras,M"]
[Result "0-1"]
[WhiteElo "2168"]
[BlackElo "2542"]

1.e4 c5 2.Nf3 d6 3.d4 cxd4 4.Nxd4 Nf6 5.Nc3 a6 6.Be3 e6 7.f3 b5 8.g4 Nfd7
9.Qd2 Bb7 10.O-O-O Nb6 11.Qf2 N8d7 12.Nb3 Rc8 13.Na5 Ba8 14.Kb1 Rxc3 15.bxc3 Na4
16.Nb3 Nxc3+ 17.Kc1 Nxd1 18.Kxd1 d5 19.Bd3 dxe4 20.fxe4 Ne5 21.Rf1 Bd6 22.Ke2 O-O
23.h3 Qc7 24.Nd4 Nc4 25.Qh4 Bg3 26.Qh5 Nxe3 27.Kxe3 Be5 28.Nf3 Qb6+ 29.Ke2 Bf4
30.Nd4 Qxd4 31.Rxf4 e5 32.Rf5 Bxe4 33.Rxe5 Bxd3+ 34.cxd3 g6 35.Qg5 f6 36.Rd5 Qb2+
37.Qd2 Re8+  0-1

[Event "Scandinavian Chess Tournament"]
[Site "Taby SWE"]
[Date "2007.08.05"]
[Round "3"]
[White "Wedberg,T"]
[Black "Blomqvist,E"]
[Result "1/2-1/2"]
[WhiteElo "2507"]
[BlackElo "2313"]

1.e4 c5 2.Nf3 d6 3.d4 cxd4 4.Nxd4 Nf6 5.Nc3 a6 6.Be3 e5 7.Nb3 Be6 8.f3 Be7
9.g4 d5 10.exd5 Nxd5 11.Nxd5  1/2-1/2

[Event "ch-AUT"]
[Site "Tweng AUT"]
[Date "2007.08.05"]
[Round "2"]
[White "Froewis,G"]
[Black "Freitag,M"]
[Result "0-1"]
[WhiteElo "2208"]
[BlackElo "2390"]

1.e4 c5 2.Nf3 d6 3.d4 cxd4 4.Nxd4 Nf6 5.Nc3 a6 6.Be3 e5 7.Nb3 Be6 8.f3 Be7
9.Qd2 O-O 10.O-O-O Nbd7 11.g4 b5 12.g5 b4 13.Ne2 Ne8 14.f4 a5 15.f5 a4 16.Nbd4 exd4
17.Nxd4 b3 18.Kb1 bxc2+ 19.Nxc2 Nc7 20.fxe6 fxe6 21.g6 hxg6 22.Rg1 Ne5 23.Be2 Qe8
24.h4 Qc6 25.h5 Qxe4 26.hxg6 Rf6 27.Bd4 Rb8 28.Qc3 Nd5 29.Qh3 Rxg6 30.Rxg6 Qxg6
31.Rg1 Nf4 32.Qh2 Qf5 33.Rf1 Rf8 34.Bb5 Ng4 35.Qg3 Qxb5 36.Rxf4 Rxf4 37.Qxf4 Qf5
38.Qg3 e5 39.Bc3 d5 40.b4 d4 41.Bd2 d3  0-1

[Event "FSGM August"]
[Site "Budapest HUN"]
[Date "2007.08.06"]
[Round "1"]
[White "Papp,Ge"]
[Black "Bromberger,S"]
[Result "0-1"]
[WhiteElo "2425"]
[BlackElo "2500"]

1.e4 c5 2.Nf3 d6 3.d4 cxd4 4.Nxd4 Nf6 5.Nc3 a6 6.Be3 e5 7.Nde2 Be6 8.h3 Nc6
9.f4 d5 10.f5 Bc8 11.exd5 Nb4 12.g4 Nbxd5 13.Bf2 Bb4 14.Bg2 Qa5 15.O-O Nxc3
16.Nxc3 Bxc3 17.bxc3 O-O 18.c4 Qc7 19.g5 Ne8 20.f6 Be6 21.Rb1 Rd8 22.Qh5 Qxc4
23.Rfe1 Bd5 24.Rbd1 Nc7 25.Rxd5 Rxd5 26.fxg7 Kxg7 27.Qh6+ Kg8 28.Be4 f5 29.gxf6 Rd7
30.Kh2 Ne6 31.Bf5 Rdf7 32.Re4 Qf1 33.Kg3 Nf4 34.Rxe5 Qg2+ 35.Kxf4 Qxf2+ 36.Kg4 Qd4+
37.Re4 Qxf6 38.Qxf6 Rxf6 39.Be6+ Kg7 40.Bb3 Rg6+ 41.Kh4 Rf5 42.Be6 Rf2  0-1

[Event "UTwente YM"]
[Site "Hengelo NED"]
[Date "2007.08.06"]
[Round "1"]
[White "Corrales Jimenez,F"]
[Black "Burg,T"]
[Result "1-0"]
[WhiteElo "2499"]
[BlackElo "2301"]

1.e4 c5 2.Nf3 d6 3.d4 cxd4 4.Nxd4 Nf6 5.Nc3 a6 6.Be3 e5 7.Nde2 Be6 8.h3 Nc6
9.f4 Qa5 10.f5 Bc4 11.Bd2 Qb6 12.b3 Bxe2 13.Bxe2 Be7 14.Bd3 d5 15.Qf3 dxe4
16.Nxe4 O-O-O 17.c3 Rd7 18.Nxf6 Bxf6 19.Be4 Rhd8 20.Be3 Qc7 21.O-O Kb8 22.a4 Ne7
23.b4 Nd5 24.Bf2 Qc4 25.Bxd5 Rxd5 26.Qe3 Qc6 27.Qa7+ Kc8 28.c4 Rd2 29.b5 Qc7
30.Bb6 Qd6 31.Qa8+ Kd7 32.Qxb7+ Ke8 33.Bxd8  1-0

[Event "ch-ISL"]
[Site "Reykjavik ISL"]
[Date "2007.08.06"]
[Round "9"]
[White "Bergsson,Sn"]
[Black "Thorfinnsson,Br"]
[Result "0-1"]
[WhiteElo "2301"]
[BlackElo "2389"]

1.e4 c5 2.Nf3 d6 3.d4 cxd4 4.Nxd4 Nf6 5.Nc3 a6 6.Be3 e5 7.Nb3 Be6 8.Qd2 Be7
9.Be2 Nbd7 10.O-O-O O-O 11.f4 exf4 12.Bxf4 Ne5 13.Nd4 Qa5 14.Nf5 Bxf5 15.exf5 Rfc8
16.Rhe1 Bf8 17.Kb1 Qc7 18.Bg5 Ned7 19.g4 h6 20.Bf4 Ne5 21.g5 hxg5 22.Bxg5 Ned7
23.Bf3 Rab8 24.Qg2 Re8 25.Rg1 Re5 26.Bh6 Ne8 27.Nd5 Qd8 28.Bf4 Rxf5 29.Qh3 Rxf4
30.Nxf4 Ne5 31.Bd5 Nf6 32.Bb3 b5 33.Qh6 Ne8 34.Qh5 Nc4 35.Rg3 Qf6 36.Nd5 Qxb2+  0-1

[Event "12th WY U16 Ol"]
[Site "Singapore SIN"]
[Date "2007.08.06"]
[Round "2"]
[White "Maulana,Y"]
[Black "Shyam,N"]
[Result "1/2-1/2"]
[WhiteElo "2032"]
[BlackElo "2325"]

1.e4 c5 2.Nf3 d6 3.d4 cxd4 4.Nxd4 Nf6 5.Nc3 a6 6.Be3 e5 7.Nb3 Be7 8.f3 Be6
9.Qd2 Nbd7 10.g4 Nb6 11.g5 Nfd7 12.O-O-O Qc7 13.Nd5 Bxd5 14.exd5 Nc4 15.Bxc4 Qxc4
16.Rhg1 Bd8 17.Rg4 Qc7 18.Qd3 b5 19.Kb1 g6 20.Nd2 f5 21.gxf6 Nxf6 22.Rb4 Qd7
23.f4 Ba5 24.Rb3 exf4 25.Bxf4 O-O 26.Bg3 Rae8 27.Ra3 Bb6 28.c4 Re3 29.Qc2 Rxa3
30.bxa3 Bc5 31.Nb3 Bxa3 32.c5 dxc5 33.Nxc5 Bxc5 34.Qxc5 Ne4 35.Qd4 Qf5 36.Ka1 Nxg3
37.hxg3 Qf6 38.Qxf6 Rxf6 39.d6 Rf8 40.Kb2 Rd8 41.Kc3 Kf7 42.Kb4 Ke6 43.Kc5 Rc8+
44.Kb6 Kd7 45.Kxa6 Rc5 46.Kb6 Rg5 47.Rd3 b4 48.Rb3 Rg4 49.Kc5 h5 50.Re3 Rg5+
51.Kxb4 Kxd6 52.Rc3 Re5 53.a4 Re1 54.Rd3+ Kc6 55.Rf3 Kb7 56.Rf7+ Kb8 57.Rf8+ Kb7
58.Rf7+ Kb8 59.Rf8+ Kb7 60.Rf7+ Kb8  1/2-1/2

[Event "12th WY U16 Ol"]
[Site "Singapore SIN"]
[Date "2007.08.06"]
[Round "3"]
[White "Omarsson,D"]
[Black "Shyam,N"]
[Result "0-1"]
[WhiteElo "1951"]
[BlackElo "2325"]

1.e4 c5 2.Nf3 d6 3.d4 cxd4 4.Nxd4 Nf6 5.Nc3 a6 6.Be3 e5 7.Nb3 Be7 8.Bc4 Be6
9.Bd5 Qc7 10.O-O Nbd7 11.Qd3 Rc8 12.Rac1 O-O 13.h3 b5 14.a3 Nb6 15.Nd2 Bxd5
16.Nxd5 Nbxd5 17.exd5 Qb7 18.c4 bxc4 19.Nxc4 Qxd5 20.Qxd5 Nxd5 21.Rfd1 Nxe3
22.fxe3 Bg5 23.Kf2 Rfd8 24.Nb6 Rxc1 25.Rxc1 d5 26.Rc5 d4 27.exd4 Be7 28.Rc8 exd4
29.Rxd8+ Bxd8 30.Nd5 f5 31.Ke2 Kf7 32.Kd3 Ke6 33.Kxd4 Kd6 34.b4 Bh4 35.Nf4 Bf6+
36.Kc4 Ke5 37.Nh5 Be7 38.Nxg7 Bf8 39.Ne8 Kf4 40.Kd5 Kg3 41.Nc7 Kxg2 42.Ke5 f4
43.Ne6 f3 44.Nf4+ Kg3 45.Nd3 f2 46.Nxf2 Kxf2 47.Kf4 Bd6+ 48.Kg4 Ke3  0-1

[Event "GM"]
[Site "Dubna RUS"]
[Date "2007.08.07"]
[Round "6"]
[White "Chernobay,A"]
[Black "Nechepurenko,R"]
[Result "0-1"]
[WhiteElo "2409"]
[BlackElo "2510"]

1.e4 c5 2.Nf3 d6 3.d4 cxd4 4.Nxd4 Nf6 5.Nc3 a6 6.Be3 e5 7.Nb3 Be6 8.f3 Nbd7
9.g4 h6 10.Qd2 b5 11.O-O-O Be7 12.Nd5 Bxd5 13.exd5 Nb6 14.Qc3 O-O 15.Bxb6 Qxb6
16.Kb1 a5 17.Qc6 Rfb8 18.Qxb6 Rxb6 19.c4 bxc4 20.Bxc4 a4 21.Nd2 Rab8 22.b3 axb3
23.axb3 Nd7 24.Kc2 g6 25.h4 Nc5 26.Ra1 Rc8 27.Ra3 Kg7 28.Kc3 Rc7 29.h5 f5
30.gxf5 gxf5 31.Rg1+ Bg5 32.f4 exf4 33.Nf3 Kh7 34.Kd2 Ne4+ 35.Kc2 Kg7 36.Nd4 Rf7
37.Ra8 Rbb7 38.Re8 Ra7 39.b4 f3 40.Nxf5+ Rxf5 41.Rxe4 f2 42.Rb1 Bd8 43.Rg4+ Kf7
44.Bd3 Rf3 45.Bf1 Bf6 46.Rd1 Ra2+ 47.Kb1 Ra1+ 48.Kc2 Rc3+  0-1

[Event "Open"]
[Site "Kavala GRE"]
[Date "2007.08.07"]
[Round "4"]
[White "Papadopoulos,I"]
[Black "Marjanovic,Slavo"]
[Result "1-0"]
[WhiteElo "2395"]
[BlackElo "2480"]

1.e4 c5 2.Nf3 d6 3.d4 Nf6 4.Nc3 cxd4 5.Nxd4 a6 6.Be3 e5 7.Nf3 Qc7 8.a4 b6
9.Be2 h6 10.O-O Be7 11.Nd2 Be6 12.f4 exf4 13.Bxf4 Nbd7 14.Nf3 Ne5 15.Nd4 O-O
16.Kh1 Qb7 17.Nf5 Bxf5 18.exf5 Rac8 19.Qd4 Rc5 20.Be3 Kh7 21.Ra3 Rb8 22.Rb3 Qc8
23.Qf4 Rc6 24.Bd4 Kg8 25.Re1 Kf8 26.Qf1 Nc4 27.Bxc4 Rxc4 28.Bxb6 d5 29.Rd1 Rxb6
30.Rxb6 Ng4 31.Nxd5 Rxc2 32.Qf4 Nf2+ 33.Kg1 Nxd1 34.Rb8 Bg5 35.Rxc8+ Rxc8
36.Qd6+ Kg8 37.Ne7+ Bxe7 38.Qxe7 Nxb2 39.Qe4 a5 40.h3 Nc4 41.Qd5 Kf8 42.Kf2 Kg8
43.Kg3 Kf8 44.Kf3 Kg8 45.Kf4 Nb6 46.Qb5 Nc4 47.Kg3 Kf8 48.Qa6 Rc7 49.f6 gxf6
50.Qxf6 Ke8 51.Qxh6 Ke7 52.Qg5+ Ke6 53.Kf4 Rc6 54.Qf5+ Ke7 55.Qe4+ Kd6 56.h4 Rc5
57.Qe8 Ne5 58.Qb8+ Ke6 59.Qb6+ Kd7 60.h5 Nd3+ 61.Ke3 Rxh5 62.Kxd3 Ke7 63.Qc7+ Ke6
64.Kc4 Re5 65.Qxe5+ Kxe5 66.Kb5  1-0

[Event "Open"]
[Site "Kavala GRE"]
[Date "2007.08.07"]
[Round "4"]
[White "Spasov,V"]
[Black "Kotanjian,T"]
[Result "1/2-1/2"]
[WhiteElo "2583"]
[BlackElo "2559"]

1.e4 c5 2.Nf3 d6 3.d4 cxd4 4.Nxd4 Nf6 5.Nc3 a6 6.Be3 e6 7.g4 e5 8.Nf5 g6
9.Bg2 gxf5 10.exf5 Nc6 11.Qe2 Rg8 12.h3 Bd7 13.O-O-O Qa5 14.f4 O-O-O 15.Qf2 Re8
16.a3 Qc7 17.g5 Nh5 18.Nd5 Qa5 19.Nb6+ Kc7 20.Nd5+ Kc8 21.Nb6+ Kc7  1/2-1/2

[Event "Open"]
[Site "Dubna RUS"]
[Date "2007.08.08"]
[Round "8"]
[White "Asrian,Ar"]
[Black "Klichev,M"]
[Result "1/2-1/2"]
[WhiteElo "2132"]
[BlackElo "2279"]

1.e4 c5 2.Nf3 d6 3.d4 cxd4 4.Nxd4 Nf6 5.Nc3 a6 6.Be3 Ng4 7.Bg5 h6 8.Bh4 g5
9.Bg3 Bg7 10.Qd2 Nc6 11.Nf5 Bxf5 12.exf5 Qa5 13.Bd3 Rc8 14.O-O Bxc3 15.bxc3 Nge5
16.Rfe1 Kf8 17.Rab1 b5 18.Be4 Nc4 19.Qe2 N6e5 20.f4 gxf4 21.Bxf4 Qxc3 22.Rb3 Qd4+
23.Kh1 d5 24.Bxe5 Nxe5 25.Bf3 f6 26.Rd3 Qf4 27.Bxd5 Rc7 28.Rf1 Rxc2 29.Rxf4 Rxe2
30.Rd1 Nd3 31.Rf3 Nf2+ 32.Rxf2 Rxf2 33.Be6 Kg7 34.Kg1 Rf4 35.Rd7 Re8 36.Ra7 Ra4
37.Bb3 Ra5 38.h3 Kf8 39.Kf2 b4 40.Be6 Rd8 41.Kg3 Ra3+ 42.Kh4 Re3 43.Rxa6 Rd4+
44.Kh5 Ke8 45.h4 Kd8 46.g4 Rg3 47.Rc6 Rc3 48.Ra6 Rg3 49.Rc6 Rc3  1/2-1/2

[Event "UTwente YM"]
[Site "Hengelo NED"]
[Date "2007.08.08"]
[Round "5"]
[White "Michielsen,J"]
[Black "Burg,T"]
[Result "1/2-1/2"]
[WhiteElo "2314"]
[BlackElo "2301"]

1.e4 c5 2.Nf3 d6 3.d4 cxd4 4.Nxd4 Nf6 5.Nc3 a6 6.Be3 e5 7.Nb3 Be6 8.Qd2 Be7
9.f4 exf4 10.Bxf4 Nc6 11.O-O-O Ne5 12.Nd4 O-O 13.Nxe6 fxe6 14.g3 Nh5 15.Bh3 Nxf4
16.gxf4 Rxf4 17.Bxe6+ Kh8 18.Kb1 Qf8 19.Bf5 Rf3 20.Nd5 g6 21.Be6 Bh4 22.Nc7 Rd8
23.Bb3 Rd7 24.Ne6 Qf6 25.Qd5 Qf7 26.c3 Rf6 27.Qd2 Qe7 28.Qd5 Qf7 29.Qd2 Qe7
30.Qd5  1/2-1/2

[Event "Scandinavian Chess Tournament"]
[Site "Taby SWE"]
[Date "2007.08.08"]
[Round "7"]
[White "Lindberg,Be"]
[Black "Blomqvist,E"]
[Result "1/2-1/2"]
[WhiteElo "2443"]
[BlackElo "2313"]

1.e4 c5 2.Nf3 d6 3.d4 cxd4 4.Nxd4 Nf6 5.Nc3 a6 6.Be3 e5 7.Nde2 Be7 8.Ng3 Be6
9.Be2 O-O 10.Bf3 Nbd7 11.Nf5 Bxf5 12.exf5 Re8 13.g4 h6 14.h4 Nh7 15.Bxb7 Rb8
16.Bc6 Rxb2 17.Nd5 Bf8 18.g5 Qc8 19.Ba4 Rd8 20.Bb3 Nc5 21.g6 Qxf5 22.gxh7+ Kxh7
23.Rg1 Nxb3 24.axb3 Rxc2 25.Qg4 Qxg4 26.Rxg4 f5 27.Rc4 Rxc4 28.bxc4 Rc8 29.Ra4 f4
30.Bb6 Kg6 31.Bc7 Kh5 32.Rxa6 Kxh4 33.Ke2 Kg4 34.Bxd6 Bxd6 35.Rxd6 Rxc4 36.Rg6+ Kf5
37.Ne7+ Ke4 38.f3+ Kd4 39.Nf5+ Kd5 40.Ne7+ Kd4 41.Rd6+ Kc3 42.Nd5+ Kc2 43.Re6 Rd4
44.Rxe5 g5 45.Nf6 Rd2+ 46.Ke1 Rd3 47.Kf2 Ra3 48.Re6 Kd3 49.Rd6+ Kc4 50.Ne4 Ra2+
51.Kg1 Re2 52.Rxh6 g4 53.Nd6+ Kd5 54.fxg4 f3 55.Nf5 Ke5 56.Rh2 Kf4 57.Rxe2 fxe2
58.Kf2 Kxg4  1/2-1/2

[Event "Open"]
[Site "Kavala GRE"]
[Date "2007.08.09"]
[Round "6"]
[White "Shavtvaladze,N"]
[Black "Marjanovic,Slavo"]
[Result "1/2-1/2"]
[WhiteElo "2386"]
[BlackElo "2480"]

1.e4 c5 2.Nf3 d6 3.d4 cxd4 4.Nxd4 Nf6 5.Nc3 a6 6.Be3 e6 7.g4 h6 8.Bg2 Bd7
9.h3 Nc6 10.Qe2 Rc8 11.f4 Be7 12.O-O-O  1/2-1/2

[Event "Open"]
[Site "Kavala GRE"]
[Date "2007.08.09"]
[Round "6"]
[White "Parligras,M"]
[Black "Georgiadis,I"]
[Result "1/2-1/2"]
[WhiteElo "2542"]
[BlackElo "2413"]

1.e4 c5 2.Nf3 d6 3.d4 cxd4 4.Nxd4 Nf6 5.Nc3 a6 6.Be3 e5 7.Nb3 Be6 8.f3 Be7
9.Qd2 O-O 10.O-O-O Nbd7 11.g4 b5 12.g5 b4 13.Ne2 Ne8 14.Ng3 a5 15.Kb1 a4
16.Nc1 b3 17.Nf5 bxc2+ 18.Kxc2 d5 19.Nxe7+ Qxe7 20.exd5 Bf5+ 21.Bd3 Nd6 22.Bxf5 Nxf5
23.Kb1 Rab8 24.Rhe1 Nd6 25.Qd3 Rfc8 26.Qa3 Nb6 27.Bxb6 Qd7 28.Qd3 Nc4 29.Re2  1/2-1/2

[Event "RC Sport Open"]
[Site "Ceska Trebova CZE"]
[Date "2007.08.10"]
[Round "1"]
[White "Rabatin,J"]
[Black "Spirin,O"]
[Result "0-1"]
[WhiteElo "1969"]
[BlackElo "2356"]

1.e4 c5 2.Nf3 d6 3.d4 cxd4 4.Nxd4 Nf6 5.Nc3 a6 6.Be3 e6 7.f3 b5 8.Qd2 b4
9.Na4 Nbd7 10.O-O-O Ne5 11.g4 h6 12.h4 Bd7 13.Qxb4 d5 14.Nc5 dxe4 15.Ndb3 Qc7
16.Bf4 Nd3+ 17.Nxd3 Qxf4+ 18.Nxf4 Bxb4 19.c3 Be7 20.fxe4 Nxg4 21.Nd3 Ne3
22.Re1 Nxf1 23.Rexf1 O-O 24.Nd4 h5 25.Rf3 Rac8 26.Ne5 Be8 27.Kb1 g6 28.Rhf1 Bd6
29.Nd3 e5 30.Nc2 Bc6 31.Re3 a5 32.c4 Bb7 33.b3 Rce8 34.Rf6 Be7 35.Rb6 Ba8
36.Rb5 Bxh4 37.Rxe5 Rxe5 38.Nxe5 Bg5 39.Re1 Re8 40.Nf3 Bf4 41.Ncd4 Rxe4 42.Rd1 Re3
43.Ne1 Be4+ 44.Nec2 Rg3 45.Ne2 Rg2 46.Nxf4 Bxc2+ 47.Kc1 Bxd1 48.Nxg2 Bf3
49.Nh4 Be4 50.Kd2 Kg7 51.a3 g5 52.Ke3 f5 53.Nf3 Kf6 54.b4 axb4 55.axb4 h4
56.Nd2 h3 57.Nf1 Ke5 58.b5 g4 59.c5 f4+ 60.Kf2 Bd3 61.b6 Be4 62.Nh2 g3+ 63.Kg1 Kd4
64.Nf1 Kxc5  0-1

[Event "Tsiolkovsky Mem"]
[Site "Kaluga RUS"]
[Date "2007.08.10"]
[Round "7"]
[White "Vlasov,An"]
[Black "Kostin,S"]
[Result "1/2-1/2"]
[WhiteElo "2262"]
[BlackElo "2284"]

1.e4 c5 2.Nf3 d6 3.d4 cxd4 4.Nxd4 Nf6 5.Nc3 a6 6.Be3 e5 7.Nf3 Qc7 8.a4 Be7
9.Be2 O-O 10.O-O h6 11.a5 Nbd7 12.Nd2 b5 13.axb6 Nxb6 14.Bxb6 Qxb6 15.Nc4 Qc6
16.Ne3 Be6 17.Ncd5 Bxd5 18.exd5 Qb7 19.Nf5 Rfe8 20.Ra3 Bf8 21.Rg3 g6 22.Rb3 Qa7
23.Ne3 Ne4 24.h4 Reb8 25.Ra3 Rxb2 26.Rxa6 Qb7 27.Rxa8 Qxa8 28.h5 Qa7 29.hxg6 fxg6
30.Bd3 Nf6 31.Ng4 Qf7 32.Nxf6+ Qxf6 33.Qg4 Kg7 34.Ra1 Rb7 35.Ra8 Rf7 36.f3 h5
37.Qg3 Rb7 38.Qxg6+ Qxg6 39.Bxg6 h4 40.Bf5 Be7 41.Kh2 Kf6 42.Be4 Kg5 43.Rh8 Kf4
44.Rh7 Ra7 45.Kh3 Rc7 46.Rg7 Bd8 47.Rxc7 Bxc7 48.Kxh4 Bd8+ 49.Kh5 Kg3 50.Kg6 Bb6
51.Kf5 Bc5 52.Ke6 Ba3  1/2-1/2

[Event "RC Sport Open"]
[Site "Ceska Trebova CZE"]
[Date "2007.08.11"]
[Round "3"]
[White "Vymazal,B"]
[Black "Simacek,P"]
[Result "1/2-1/2"]
[WhiteElo "2273"]
[BlackElo "2481"]

1.e4 c5 2.Nf3 d6 3.d4 cxd4 4.Nxd4 Nf6 5.Nc3 a6 6.Be3 Ng4 7.Bg5 h6 8.Bh4 g5
9.Bg3 Bg7 10.Be2 h5 11.Bxg4 Bxg4 12.f3 Bd7 13.Bf2 e6 14.Qd2 Be5 15.Be3 Rg8
16.O-O-O Nc6 17.g3 Qf6 18.Nce2 Qh8 19.Kb1 O-O-O 20.Nxc6 Bxc6 21.Nd4 Bxd4
22.Bxd4 e5 23.Bb6 Rd7 24.Qb4 Qf6 25.Rd3 g4 26.Rhd1 gxf3 27.Rf1 Rg4 28.Rdxf3 Qg6
29.Rf6 Qxe4 30.Rh6 Rg8 31.Qd2 Qg2 32.Qxg2 Bxg2 33.Rf5 Be4 34.Rfxh5 Re8 35.Rh8 Re7
36.Rxe8+ Rxe8 37.Kc1 Kd7 38.c3 Rg8 39.Be3 f6 40.Kd2 Ke6 41.Rh4 d5 42.a4 b5
43.a5 Rc8 44.b4 Bf5 45.Bc5 Bg6 46.g4 Rg8 47.Rh6 Be4 48.h3 Kf7 49.Be3 Kg7
50.g5 Bg6 51.h4 fxg5 52.hxg5 Rf8 53.Rh2 Rf3 54.Ke2 Rf7 55.Rf2 Rxf2+  1/2-1/2

[Event "Tsiolkovsky Mem"]
[Site "Kaluga RUS"]
[Date "2007.08.11"]
[Round "8"]
[White "Kozlov,Vladimir"]
[Black "Tologontegin,S"]
[Result "0-1"]
[WhiteElo "2094"]
[BlackElo "2320"]

1.e4 c5 2.Nf3 d6 3.d4 cxd4 4.Nxd4 Nf6 5.Nc3 a6 6.Be3 e5 7.Nb3 Be6 8.Be2 Be7
9.Nd5 Nxd5 10.exd5 Bf5 11.Qd2 Nd7 12.O-O O-O 13.a4 Qc7 14.c4 a5 15.Rac1 Rfe8
16.Kh1 Bg6 17.Rfd1 b6 18.f4 exf4 19.Bxf4 Bf6 20.Bf1 Nc5 21.Nxc5 bxc5 22.Ra1 Rab8
23.Ra2 h6 24.h3 Rb3 25.Qc1 Be4 26.Re1 Rxh3+ 27.Bh2 Qe7 28.Ra3 Rxa3 29.bxa3 Bd4
30.Bg3 f5 31.Be2 Qg5 32.Qxg5 hxg5 33.Bf3 Kf7 34.Bxe4 fxe4 35.Bh2 Rh8 36.g3 Bf2
37.Rf1 e3 38.Kg2 Ke7 39.Bg1 e2 40.Kxf2 exf1=Q+ 41.Kxf1 Rb8 42.Bf2 Rb3 43.g4 Rxa3  0-1

[Event "Open"]
[Site "Kavala GRE"]
[Date "2007.08.11"]
[Round "8"]
[White "Spasov,V"]
[Black "Dzagnidze,N"]
[Result "1/2-1/2"]
[WhiteElo "2583"]
[BlackElo "2404"]

1.e4 c5 2.Nf3 d6 3.d4 cxd4 4.Nxd4 Nf6 5.Nc3 a6 6.Be3 e5 7.Nf3 Be7 8.Bc4 Nc6
9.O-O O-O 10.Qe2 Na5 11.Bd5 Bd7 12.Rfd1 Rc8 13.a4 Bg4 14.h3 Bh5 15.Ra3 Qc7
16.Bg5 Ne8 17.g4 Bxg5 18.Nxg5 Bg6 19.Nf3 Nf6 20.Nh4 Nxd5 21.Nxd5 Qxc2 22.Ne7+ Kh8
23.Re3 Qxe2 24.Rxe2 Rc4 25.f3 Nc6 26.Nxc6 Rxc6 27.Red2 Rd8 28.b4 f6 29.b5 axb5
30.axb5 Rb6 31.Nxg6+ hxg6 32.Rd5 Rc8 33.Kf2 Rc2+ 34.Kg3 Kg8 35.h4 Rb2 36.Rxd6 Rxd6
37.Rxd6 Rxb5 38.Rd8+ Kf7 39.Rd7+ Kf8 40.Rc7 Rb2 41.Rc8+ Kf7 42.Rc7+ Kg8 43.Rc8+ Kf7
44.Rc7+ Kg8 45.Rc8+ Kf7  1/2-1/2

[Event "Arctic Chess Challenge"]
[Site "Tromso NOR"]
[Date "2007.08.11"]
[Round "8"]
[White "Narayanan,Sr"]
[Black "Arvola,B"]
[Result "1-0"]
[WhiteElo "2218"]
[BlackElo "2022"]

1.e4 c5 2.Nf3 d6 3.d4 cxd4 4.Nxd4 Nf6 5.Nc3 a6 6.Be3 e5 7.Nb3 Be6 8.f3 Nbd7
9.Qd2 b5 10.O-O-O Nb6 11.Qf2 Rb8 12.Na5 Na4 13.Nc6 Qc8 14.Nxb8 Nxc3 15.bxc3 Qxb8
16.Kb2 Be7 17.g4 O-O 18.h4 Rc8 19.g5 Nh5 20.Bh3 b4 21.c4 Rxc4 22.Bxe6 fxe6
23.Rd3 Nf4 24.Bxf4 exf4 25.Qd2 Qc8 26.Rh2 e5 27.h5 Qc5 28.g6 h6 29.Rd5 Qc6
30.Qf2 Rd4 31.Rxd4 Qc3+ 32.Kb1 exd4 33.Qd2 Qxf3 34.Qxb4 Qxe4 35.Qb3+ d5 36.Re2  1-0

[Event "17th Chess Festival"]
[Site "Abu Dhabi UAE"]
[Date "2007.08.12"]
[Round "1"]
[White "Odeev,H"]
[Black "Mouradian,K"]
[Result "1/2-1/2"]
[WhiteElo "2452"]
[BlackElo "2164"]

1.e4 c5 2.Nf3 d6 3.d4 cxd4 4.Nxd4 Nf6 5.Nc3 a6 6.Be3 Ng4 7.Bg5 h6 8.Bc1 Nf6
9.Be2 e5 10.Nb3 Be7 11.O-O O-O 12.Qd3 Nc6 13.Nd5 Nxd5 14.exd5 Na5 15.Nd2 b6
16.b4 Nb7 17.Bb2 f5 18.f3 Bd7 19.Kh1 b5 20.c4 Bf6 21.Qb3 Kh8 22.Rac1 Qb6
23.Rc2 Rac8 24.Rd1 Bg5 25.Bf1 Bxd2 26.Rdxd2 bxc4 27.Bxc4 f4 28.Rd1 Bf5 29.Rcc1 Rc7
30.a3 Rfc8 31.h3 a5 32.bxa5 Qf2 33.Rf1 Qg3 34.Ba6 Bxh3 35.gxh3 Qxh3+ 36.Kg1 Qg3+
37.Kh1 Qh3+  1/2-1/2

[Event "Open"]
[Site "Callao PER"]
[Date "2007.08.12"]
[Round "6"]
[White "Barahona,C"]
[Black "Llanos,W"]
[Result "1-0"]
[WhiteElo "2100"]
[BlackElo "2156"]

1.e4 c5 2.Nf3 d6 3.d4 cxd4 4.Nxd4 Nf6 5.Nc3 a6 6.Be3 e5 7.Nb3 Be6 8.Be2 Be7
9.g4 h6 10.Bf3 b5 11.Qe2 Bc4 12.Qd2 a5 13.a4 bxa4 14.Rxa4 d5 15.exd5 Bb4
16.Nxa5 Rxa5 17.Rxb4 Ra1+ 18.Bd1 Qc8 19.b3 Ba6 20.Rg1 O-O 21.g5 Nc6 22.Rh4 hxg5
23.Bxg5 Nd4 24.Rg3 Qf5 25.Rxd4 exd4 26.Qxd4 Nh5 27.Bh6 f6 28.Qg4 Qxc2 29.Qxh5 Rf7
30.d6 Rd7 31.Re3 Rd8 32.d7 g6 33.Qd5+ Kh7 34.Bf4 g5 35.Qf7+  1-0

[Event "RC Sport Open"]
[Site "Ceska Trebova CZE"]
[Date "2007.08.12"]
[Round "4"]
[White "Urban,Z"]
[Black "Bobras,P"]
[Result "0-1"]
[WhiteElo "2092"]
[BlackElo "2558"]

1.e4 c5 2.Nf3 d6 3.d4 cxd4 4.Nxd4 Nf6 5.Nc3 a6 6.Be3 e5 7.Nb3 Be6 8.Be2 Nbd7
9.O-O Be7 10.Qd2 O-O 11.Rad1 b5 12.a3 Rc8 13.f3 Qc7 14.Qe1 Nb6 15.Qf2 Nc4
16.Bc1 Nxa3 17.bxa3 Qxc3 18.Na1 Qxa1 19.Qa7 Rfe8 20.a4 Qxa4  0-1

[Event "12th WY U16 Ol"]
[Site "Singapore SIN"]
[Date "2007.08.12"]
[Round "10"]
[White "Lee,K"]
[Black "Dole,A"]
[Result "1/2-1/2"]
[WhiteElo "1927"]
[BlackElo "1760"]

1.e4 c5 2.Nf3 d6 3.d4 cxd4 4.Nxd4 Nf6 5.Nc3 a6 6.Be3 e5 7.Nb3 Be6 8.f4 Nbd7
9.Be2 b5 10.Bf3 Be7 11.O-O O-O 12.Kh1 Qc7 13.f5 Bc4 14.Re1 b4 15.Ne2 d5 16.Nd2 d4
17.Nxc4 Qxc4 18.Bd2 Rac8 19.c3 dxc3 20.bxc3 Nxe4 21.Bxe4 Qxe4 22.Ng3 Qd5
23.cxb4 Bh4 24.Re3 Nb6 25.Be1 Rfd8 26.Qxd5 Nxd5 27.Rd3 Bxg3 28.Bxg3 Nxb4
29.Rxd8+ Rxd8 30.Bxe5 Nxa2 31.Kg1 Nb4 32.Ra4 Nd3 33.Bd4 h5 34.Kf1 Rd5 35.Ke2 Ne5
36.Ke3 Nc6 37.Bc3 a5 38.Rc4 Ne7 39.Ra4 Rxf5 40.Rxa5 Rxa5 41.Bxa5 Kh7 42.Kf3 Kg6
43.h3 Nc6 44.Bc3 f6 45.Kf4 Ne7 46.Bb2 Kh6 47.Kf3 Kg6 48.Bc3 Kf7 49.h4 f5
50.Bd4 Nd5 51.Bb2 g6 52.Bd4 Ke6 53.Bb2 Kd6 54.Bg7 Kc5 55.Be5 Kc4 56.Ke2 Nb4
57.Ke3 Nd3 58.Bg7 Nc5 59.Kf4 Ne6+ 60.Ke5 Nxg7 61.Kf6 Ne8+ 62.Kxg6 Nd6 63.Kxh5 Kd5
64.Kg6 Ke6 65.h5 Nf7 66.h6  1/2-1/2

[Event "17th Chess Festival"]
[Site "Abu Dhabi UAE"]
[Date "2007.08.13"]
[Round "2"]
[White "Swathi,G"]
[Black "Hejazipour,M"]
[Result "1-0"]
[WhiteElo "2317"]
[BlackElo "2074"]

1.e4 c5 2.Nf3 d6 3.d4 cxd4 4.Nxd4 Nf6 5.Nc3 a6 6.Be3 e6 7.f3 b5 8.g4 Nfd7
9.Qd2 Nb6 10.O-O-O Bb7 11.Ndxb5 axb5 12.Nxb5 d5 13.Qd4 N6d7 14.Bf4 Na6 15.Nd6+ Bxd6
16.Bxd6 Qf6 17.e5 Qxf3 18.Bb5 Qe4 19.Qb6 d4 20.Rhe1 Qf4+ 21.Kb1 Bd5 22.Ba3 Nb8
23.Qd6 Qg5 24.Rxd4 Rxa3 25.Qxb8+ Qd8 26.Bxd7+ Kxd7 27.Rxd5+ exd5 28.Qd6+ Ke8
29.Qxa3 Qh4 30.Qa4+ Ke7 31.Qb4+ Kd7 32.Rd1 Rc8 33.Qb7+ Rc7 34.Qxd5+ Kc8 35.Qa8+  1-0

[Event "17th Chess Festival"]
[Site "Abu Dhabi UAE"]
[Date "2007.08.14"]
[Round "3"]
[White "Khader,S"]
[Black "Ibrahimov,R"]
[Result "1/2-1/2"]
[WhiteElo "2422"]
[BlackElo "2504"]

1.e4 c5 2.Nf3 d6 3.d4 cxd4 4.Nxd4 Nf6 5.Nc3 a6 6.Be3 e6 7.g4 d5 8.exd5 Nxd5
9.Nxd5 Qxd5 10.Rg1 Bd7 11.Qd2 Nc6 12.Bg2 Qa5 13.Qxa5 Nxa5 14.O-O-O Bc5 15.c3 Rc8
16.Kb1 Nc4 17.Bxb7 Rb8 18.Bc6 Nxb2 19.Bxd7+ Kxd7 20.Nb3+ Nxd1 21.Rxd1+ Kc6
22.Bxc5 Rhd8 23.Rxd8 Rxd8 24.Kc2 h5 25.h3 hxg4 26.hxg4 Rh8 27.Be3 Rh4 28.g5 e5
29.Kd3 Ra4 30.Nc1 Kd5 31.Kc2 f5 32.gxf6 gxf6 33.Kb3 Rg4 34.Nd3 a5 35.Nb2 f5
36.c4+ Kd6 37.Bb6 Rg2 38.Nd3 Kc6 39.Be3 Kd6 40.c5+ Kd5 41.c6 Rg6 42.f4 Rxc6
43.Nxe5 Rc8 44.Bd2 a4+  1/2-1/2

[Event "RC Sport Open"]
[Site "Ceska Trebova CZE"]
[Date "2007.08.14"]
[Round "6"]
[White "Kociscak,J"]
[Black "Bobras,P"]
[Result "0-1"]
[WhiteElo "2180"]
[BlackElo "2558"]

1.e4 c5 2.Nf3 d6 3.d4 cxd4 4.Nxd4 Nf6 5.Nc3 a6 6.Be3 e5 7.Nb3 Be6 8.f3 Be7
9.Qd2 O-O 10.O-O-O Nbd7 11.g4 b5 12.g5 b4 13.Ne2 Ne8 14.f4 a5 15.Kb1 a4 16.Nbc1 exf4
17.Nxf4 Bxg5 18.Nxe6 Bxe3 19.Nxd8 Bxd2 20.Rxd2 Rxd8 21.Rd4 Nc5 22.Rxb4 Nf6
23.Bb5 Rb8 24.Nd3 Nfxe4 25.Nxc5 Nxc5 26.Rd1 Rb6 27.a3 Rfb8 28.Bc6 Rxb4 29.axb4 Rxb4
30.Rxd6 g6 31.c3 Rb6 32.Rd8+ Kg7 33.Be8 f5 34.Rd5 Ne4 35.Kc2 Ra6 36.Bb5 Ra7
37.Bc6 a3 38.bxa3 Rxa3 39.Rd7+ Kf6 40.Bxe4 fxe4 41.Rxh7 Ra2+ 42.Kd1 Kf5 43.Rh3 g5
44.c4 g4 45.Rc3 Rxh2 46.c5 Rh3 47.Rc4 g3 48.Ke2 Rh2+ 49.Kf1 e3 50.Kg1 Rd2  0-1

[Event "New England Masters"]
[Site "Peabody USA"]
[Date "2007.08.14"]
[Round "2"]
[White "Robson,R"]
[Black "Shankland,S"]
[Result "1-0"]
[WhiteElo "2347"]
[BlackElo "2166"]

1.e4 c5 2.Nf3 d6 3.d4 cxd4 4.Nxd4 Nf6 5.Nc3 a6 6.Be3 e5 7.Nb3 Be6 8.Qd2 Nbd7
9.f4 Rc8 10.f5 Bxb3 11.axb3 d5 12.Nxd5 Nxe4 13.Qe2 Qh4+ 14.g3 Nxg3 15.hxg3 Qxh1
16.O-O-O Qe4 17.Bh3 Nf6 18.Bg2 Qxf5 19.Nxf6+ Qxf6 20.Bxb7 Rc7 21.Bxa6 Bd6
22.Qd2 Be7 23.Bb5+ Kf8 24.Bc4 Qc6 25.Rf1 f6 26.g4 h6 27.Qd3 Qd7 28.Qg6 Qe8
29.Qe4 Bc5 30.Bxc5+ Rxc5 31.Qb7 Qe7 32.Qb8+ Qe8 33.Qb6 Qc6 34.Qd8+ Qe8 35.Rxf6+  1-0